000 00227nam a22000857a 4500
008 160704b xxu||||| |||| 00| 0 eng d
100 _91910
_a Sharma, B.M
245 _aSchool Administration
260 _aNew Delhi
_bCommon Wealth
_c2005
999 _c1612
_d1612